Southville International School and Colleges
Your cart is empty.
  • Cart
  • Lists
    Public lists Eva Luna New books Lux_list list_1
    Your lists Log in to create your own lists
  • Log in to your account
  • Your cookies
  • Search history
Southville International School and Colleges
  • Advanced search
  • Recent comments
  • Most popular
  • Libraries

Log in to your account

Log in with GOOGLE


If you do not have an external account, but do have a local account, you can still log in:

  1. Home
  2. MARC view: The handmaid's tale /
Normal view MARC view ISBD view

The handmaid's tale / (Record no. 288118)

[ view plain ]
MARC details
000 -LEADER
fixed length control field 00488nam a2200169Ia 4500
008 - FIXED-LENGTH DATA ELEMENTS--GENERAL INFORMATION
fixed length control field 150610s9999 xx 000 0 und d
020 ## - INTERNATIONAL STANDARD BOOK NUMBER
International Standard Book Number 0099740915 
050 ## - LIBRARY OF CONGRESS CALL NUMBER
Classification number PR 9199.3
Item number .At887 1996 
100 ## - MAIN ENTRY--PERSONAL NAME
Personal name Atwood, Margaret, 1939-
245 #4 - TITLE STATEMENT
Title The handmaid's tale /
Statement of responsibility, etc Margaret Atwood.
250 ## - EDITION STATEMENT
Edition statement 1st Anchor Books ed.
260 ## - PUBLICATION, DISTRIBUTION, ETC. (IMPRINT)
Place of publication, distribution, etc New York :
Name of publisher, distributor, etc Vintage,
Date of publication, distribution, etc 1996.
300 ## - PHYSICAL DESCRIPTION
Extent 311pages ;
Dimensions 21 cm.
520 ## - SUMMARY, ETC.
Summary, etc Fiction.
650 ## - SUBJECT ADDED ENTRY--TOPICAL TERM
Topical term or geographic name as entry element Misogyny
General subdivision Fiction.
650 ## - SUBJECT ADDED ENTRY--TOPICAL TERM
Topical term or geographic name as entry element Women
General subdivision Fiction.
Holdings
Withdrawn status Lost status Damaged status Home library Current library Shelving location Date acquired Total Checkouts Full call number Barcode Date last seen Price effective from Koha item type
      Stonyhurst Southville International School (Batangas) Stonyhurst Southville International School (Batangas) High School Section 06/10/2015   PR 9199.3 .At887 1996  US-1584 06/10/2015 06/10/2015 Books

The handmaid's tale /

APA

Atwood M. 1., . (1996). The handmaid's tale. New York: Vintage.

Chicago

Atwood Margaret 1939, . 1996. The handmaid's tale. New York: Vintage.

Harvard

Atwood M. 1., . (1996). The handmaid's tale. New York: Vintage.

MLA

Atwood Margaret 1939, . The handmaid's tale. New York: Vintage. 1996.

  • Place hold
  • Print
  • Cite
  • Add to your cart (remove)
  • Save record
    BIBTEX Dublin Core MARCXML MARC (non-Unicode/MARC-8) MARC (Unicode/UTF-8) MARC (Unicode/UTF-8, Standard) MODS (XML) RIS
  • More searches
    Search for this title in:
    Other Libraries (WorldCat) Other Databases (Google Scholar) Online Stores (Bookfinder.com) Open Library (openlibrary.org)

Exporting to Dublin Core...

SOUTHVILLE LIBRARY

Southville International School and Colleges Library

1281 Tropical Ave. Cor. Luxembourg St., BF Homes International, Las Pinas City

Tel. No. 8256374 / 252358 Loc. 117/146

Powered by Koha